Trump University Marketing 101 : (Record no. 17085)

MARC details
000 -LEADER
fixed length control field 00857cam a2200253 a 4500
001 - CONTROL NUMBER
control field 16012488
005 - DATE AND TIME OF LATEST TRANSACTION
control field 20121106152327.0
008 - FIXED-LENGTH DATA ELEMENTS--GENERAL INFORMATION
fixed length control field 091208s2010 njua b 001 0 eng
010 ## - LIBRARY OF CONGRESS CONTROL NUMBER
LC control number 2009051248
020 ## - INTERNATIONAL STANDARD BOOK NUMBER
International Standard Book Number 0470453079 (cloth)
020 ## - INTERNATIONAL STANDARD BOOK NUMBER
International Standard Book Number 9780470453070 (cloth)
082 00 - DEWEY DECIMAL CLASSIFICATION NUMBER
Classification number 658.8
Edition number 22
Item number SEX
100 1# - MAIN ENTRY--PERSONAL NAME
Personal name Sexton, Donald E.,
Dates associated with a name 1943-
9 (RLIN) 31271
245 10 - TITLE STATEMENT
Title Trump University Marketing 101 :
Remainder of title How to Use the Most Powerful Ideas in Marketing to Get More Customers and Keep Them /
Statement of responsibility, etc Don Sexton.
250 ## - EDITION STATEMENT
Edition statement 2nd ed.
260 ## - PUBLICATION, DISTRIBUTION, ETC. (IMPRINT)
Place of publication, distribution, etc Hoboken, N.J. :
Name of publisher, distributor, etc John Wiley & Sons,
Date of publication, distribution, etc c2010.
300 ## - PHYSICAL DESCRIPTION
Extent xv, 459 p. :
Other physical details ill. ;
Dimensions 24 cm.
490 1# - Series Statement
Series statement Trump university books
504 ## - BIBLIOGRAPHY, ETC. NOTE
Bibliography, etc Includes bibliographical references and index.
650 #0 - SUBJECT ADDED ENTRY--TOPICAL TERM
Topical term or geographic name as entry element Marketing.
9 (RLIN) 31272
653 ## - INDEX TERM--UNCONTROLLED
Resource For college
Arrived date list November2012
700 1# - ADDED ENTRY--PERSONAL NAME
Personal name Trump, Donald,
Dates associated with a name 1946-
9 (RLIN) 31273
942 ## - ADDED ENTRY ELEMENTS (KOHA)
Source of classification or shelving scheme Dewey Decimal Classification
Item type Book - Borrowing
Holdings
Withdrawn status Item status Source of classification or shelving scheme Materials specified (bound volume or other part) Damaged status Not for loan Vendor Home library Current library Shelving location Date acquired Source of acquisition Total Checkouts Full call number Barcode Date last seen Koha item type Total Renewals Date last borrowed
    Dewey Decimal Classification Lost_In_Inventory_12-2-2024     Baccah Central Library Central Library First floor 06/11/2012     658.8 SEX 000027781 10/02/2026 NB - Book (Non borrowing)    
    Dewey Decimal Classification Lost_In_Inventory_12-2-2024     Baccah Central Library Central Library First floor 06/11/2012   2 658.8 SEX 000027782 11/10/2025 Book - Borrowing 56 04/03/2020
  Lost Dewey Decimal Classification Lost_In_Inventory_12-2-2024     Baccah Central Library Central Library First floor 06/11/2012   3 658.8 SEX 000027783 24/08/2022 Book - Borrowing 7 19/03/2017